00354nam a2200109Ia 4500008004100000082000800041100003000049245004900079942000600128952009500134999001500229240331s9999 xx 000 0 und d bOUR aThe Boston women's health 0aOur bodies :bour selves for the new country cL 001040708LaWERCLbWERCLcSSCd2024-03-31l0o 613 OURp4650r2024-03-31w2024-03-31yL c4459d4459